000 00287nam a22001337a 4500
008 171018b xxu||||| |||| 00| 0 eng d
020 _a9781574443509
041 _aeng
080 _a338
100 _a53
101 _aMEN
245 _aPROJECT MANAGEMENT
_cAYERS,J.B
942 _2udc
_cBK
999 _c34637
_d34637